000 03492nam a22003137a 4500
003 OSt
005 20220913174727.0
008 220913s1997 ck a|||jr|||| 00| 0dspa d
020 _a9789583003585
040 _aCO-JMCR
_cCO-JMCR
041 0 _aspa
082 0 4 _a580.9861 /
_bM699e
_221
100 1 _aMújica Velásquez, Elisa,
_eautora
_942379
245 1 3 _aLa expedición botánica contada a los niños /|cElisa Mújica
_cElisa Mújica ; ilustraciones de Victoria Eugenia Acosta
260 _aBogotá :
_bPanamericana,
_c1997
300 _a219 páginas :
_bilustraciones a color ;
_c20 cm.
490 0 _aLiteratura juvenil
500 _aIncluye datos biográficos de la autora en solapa.
505 0 _aVamos a contar la historia... --El Dorado para un hombre solo -- Llega un mensajero brillante -- La ceiba -- Caimanes y tortugas -- Una planta que se prepara para desempeñar un gran papel -- Lo más importante: la gente -- Los obstáculos disfrazados -- Mutis se relaciona con la pasionaria -- Mutis y el cerro de Guadalupe cambian regalos -- Un genio bueno despierta a una princesa -- Mutis se hace sacerdote -- Los sacerdotes botánicos nos han ayudado mucho – La teoría de Copérnico y las fresas -- Una luna de miel muy particular -- El estropajo -- El palo de balso -- La guadua -- Las hormigas -- El lenguaje de las plantas y los animales -- Lo sucedido con Brissón y Micón -- Un ejército enemigo: las plagas -- Los discípulos -- Lo que resultó de la epidemia de viruelas y una visita -- Los cuatro sabios alemanes -- Se funda la Expedición Botánica -- La Mesa de Juan Díaz -- El árbol que habla -- Mariquita: Una población con nombre de mujer -- Vuelve a aparecer la aristolochia (o aristoloquia) -- Los motivos del águila -- Francisco Javier Matis se inmortaliza -- El jefe de los pintores: Un moreno de Mompox -- Los pintores ecuatorianos -- Los colores -- La tina de baño y los voladores -- La muerte de Roque Gutiérrez y el perico ligero -- El retrato de Linneo -- Los manantiales del aceite de piedra -- La canela, el azogue, el mármol azul, las ollas de mono -- Un precio muy alto -- La quina, gloria y cruz -- Una sed jamás saciada -- El olfato de la marquesa -- El éxito y el fracaso, dos fantasmas -- Ezpeleta y el "frailejón" -- De nuevo en Santafé -- La biblioteca -- Una casa de silencio y de trabajo -- Dos buscadores de tesoros -- Últimos resplandores antes de que se eclipse el sol -- El encuentro con Caldas -- Escriben las plantas y en el Observatorio brilla otra estrella -- El balance final -- Despedida de cánticos -- Las tres medallas y los tres herederos Lo más triste de todo -- Otra vez el águila -- El lazo vivo
520 3 _a"En esta obra la autora logra traducir al sencillo lenguaje de los niños la más extraordinaria obra científica realizada. La narración está conformada por breves capítulos que llevan al lector de la mano por los complicados caminos de la botánica, la historia y hata la etimología, convirtiéndolos en una aventura maravillosa"
650 1 4 _aBotánica
_xEnseñanza
_zColombia
_942380
650 2 4 _aExpediciones científicas
_vLiteratura infantil
_942381
650 2 4 _aViajes de aventuras
_zColombia
_942382
650 2 4 _aViajes de estudio
_zColombia
_942383
650 2 4 _aDesarrollo científico y tecnológico
_zColombia
_99272
650 2 4 _aCiencias del medio ambiente
_xInvestigaciones
_zColombia
_942384
700 1 _aAcosta, Victoria Eugenia,
_eilustradora
_942385
942 _2ddc
_cBK
999 _c29752
_d16136